Drapeaux avec une couleur changée #4 - Statistiques

Statistiques générales
  • Ce quiz a été pris 210 fois
  • Le résultat moyen est 10 sur 12
Statistiques - réponses
Réponse % Correct
Norvège
96%
Uruguay
94%
Pakistan
87%
Turkménistan
87%
Azerbaïdjan
86%
Moldavie
86%
Maldives
82%
Zambie
82%
Antigua-et-Barbuda
80%
Kiribati
80%
Ukraine
75%
Gambie
49%
Aucun quiz correspondant
Distribution des résultats
% des personnes avec chaque résultat
Percentile par nombre de réponses
Votre historique - résultats
Vous n’avez pas pris ce quiz